Text book of inorganic chemistry. V 1 & V2 (Record no. 26814)

MARC details
000 -LEADER
fixed length control field 00350nam a2200133Ia 4500
082 ## - DEWEY DECIMAL CLASSIFICATION NUMBER
Classification number 546
Item number AGR
100 ## - MAIN ENTRY--AUTHOR NAME
Personal name Agrawal, B L
245 #0 - TITLE STATEMENT
Title Text book of inorganic chemistry. V 1 & V2
260 ## - PUBLICATION, DISTRIBUTION, ETC. (IMPRINT)
Place of publication Agra
Name of publisher Ratan Prakashan
Year of publication 1977
650 ## - SUBJECT ADDED ENTRY--TOPICAL TERM
Topical Term Inorganic chemistry
700 ## - ADDED ENTRY--PERSONAL NAME
Personal name Agrawal, S K
942 ## - ADDED ENTRY ELEMENTS (KOHA)
Koha item type Books
Holdings
Withdrawn status Lost status Damaged status Not for loan Home library Current library Date acquired Cost, normal purchase price Full call number Accession Number Koha item type
        RRII Library RRII Library 16/12/2021 24.00 546 AGR 07445 Books